| 000 | 00619nam a2200205Ia 4500 | ||
|---|---|---|---|
| 003 | GCL | ||
| 008 | 140319s9999 xx 000 0 ara d | ||
| 040 |
_aGCL / _cGCL |
||
| 082 | 0 | 4 |
_a203.5 _bت ا |
| 100 | 1 | _aتركى على الربيعو | |
| 245 | 1 | 0 |
_aالاسلام وملحمة الخلق والاسطورة / _cتركى على الربيعو |
| 300 | _a223 ص | ||
| 490 |
_aالهيئة العامة للاستعلامات _v0 |
||
| 650 | 0 | 4 | _aالاسلام |
| 650 | 0 | 4 | _aالله |
| 650 | 0 | 4 | _aالانسان فى الاسلام |
| 650 | 0 | 4 | _aالخلق |
| 650 | 0 | 4 | _aالاسطورة |
| 942 |
_2ddc _cBK |
||
| 999 |
_c50287 _d50287 |
||